000 00233nam a22001097a 4500
082 _a669.142 MAN
100 _aPDF
_956879
245 _aMANUAL OF STEEL CONSTRUCTION
260 _aNEW YORK
_bPDF
_c1973
300 _a296P
942 _cBK
999 _c583891
_d583891